Tradičné stolárske remeslo
Salvato in:
| Autori principali: | , |
|---|---|
| Altri autori: | , , |
| Natura: | Libro |
| Lingua: | slovacco |
| Pubblicazione: |
Pezinok :
Renesans,
2017
|
| Edizione: | 1. vyd. |
| Soggetti: | |
| Tags: |
Nessun Tag, puoi essere il primo ad aggiungerne!!
|
MARC
| LEADER | 00000nam a22000003a 4500 | ||
|---|---|---|---|
| 001 | 0030790 | ||
| 003 | SK-STU | ||
| 005 | 20220225112354.3 | ||
| 007 | ta | ||
| 008 | 180130s -------||||||||||-|||-||----d | ||
| 020 | |a 978-80-89402-95-3 | ||
| 041 | 0 | |a slo | |
| 044 | |a xo | ||
| 100 | 1 | |4 aut |9 90 |a Makýš, Oto, |d 1962- |u 010270 |r Z1 |U SvF Stavebná fakulta |T SvF Katedra technológie stavieb |X 832 |U V270 |Y 28 |7 A000000832 | |
| 242 | 0 | 0 | |a Traditional cooper´s handcraft |y eng |
| 245 | 1 | 0 | |a Tradičné stolárske remeslo |
| 250 | |a 1. vyd. | ||
| 260 | |a Pezinok : |b Renesans, |c 2017 | ||
| 300 | |a 143 s. | ||
| 650 | 0 | 4 | |a stolárstvo |
| 650 | 0 | 4 | |a remeslo |
| 650 | 0 | 4 | |a drevo |
| 700 | 1 | |4 aut |9 10 |a Hrčka, Michal | |
| 700 | 1 | |a Makýš, Peter, |d 1965- |u 010270 |r Z1 |4 rev |U SvF Stavebná fakulta |T SvF Katedra technológie stavieb |X 2751 |U V270 |Y 28 |7 A000002751 | |
| 700 | 1 | |a Németh, Alexander |4 rev | |
| 700 | 1 | |4 rev |a Krušinský, Peter | |
| 996 | |b 284V040887 |c V* 52758/O-23915 |l VVT |s A |a 24 |w 0030790_0001 | ||